Statistics for Melbourne A-Z

Click here to take the quiz!

General Stats

  • This quiz has been taken 16 times
  • The average score is 14 of 24

Answer Stats

HintAnswer% Correct
JWhat is a baby kangaroo called?Joey
93%
QMelbourne is a major hub for which airline?Qantas
93%
GAFL team ________ Cats?Geelong
87%
HWhat activity do people watch at the 'Melbourne Cup'?Horse Racing
87%
CWhich Melbourne casino is the largest in the Southern Hemisphere?Crown
80%
LAmusement park in St Kilda?Luna Park
80%
SEvent hosted by Melbourne in 1956?Summer Olympics
80%
YMain river in Melbourne?Yarra
80%
BOn which Melbourne beach will you find 82 brightly coloured bathing boxes?Brighton
73%
FMelbourne's busiest train station?Flinders Street
73%
MBiggest stadium in Australia?MCG
73%
TMelbourne's biggest airport?Tullamarine
73%
AWhere is the Melbourne Grand Prix Circuit is located?Albert Park
67%
EMelbourne's tallest building?Eureka Tower
60%
VWhat is Yarra Valley known for?Vineyards
60%
IFourth most popular nationality in Melbourne?Irish
53%
PSuburb where the University of Melbourne and Melbourne Zoo is located?Parkville
53%
KSuburb 4km North West of the city?Kensington
47%
RFictional name for street where 'Neighbours' was filmed?Ramsay Street
47%
DBiggest department store in the Southern Hemisphere?David Jones
40%
NWhich street is the Royal Exhibition Building on?Nicholson Street
20%
UOne of the busiest train lines in Melbourne?Upfield
20%
WWhich lake potentially turns pink?Westgate Park
7%
OWhere did Ned Kelly die?Old Melbourne Goal
0%

Score Distribution

Percentile by Number Answered

Percent of People with Each Score

Your Score History

You have not taken this quiz